| 000 | 00372 a2200169 4500 | ||
|---|---|---|---|
| 001 | 183231 | ||
| 020 | _a85-08-08294-0 | ||
| 040 | _cMagnum | ||
| 100 | _aVilla, Marco Antonio | ||
| 240 | 1 | 0 |
_aCronistas do descobrimento _lpor |
| 245 | 1 | 0 | _aCronistas do descobrimento |
| 300 | _a98 | ||
| 362 | 0 | _a2006 | |
| 440 | 1 | _aÁtica | |
| 697 | _aLITERATURA GERAL | ||
| 942 | _cBK | ||
| 999 |
_c183231 _d183231 |
||